Handbook of Categorical Algebra

Αποθηκεύτηκε σε:
Λεπτομέρειες βιβλιογραφικής εγγραφής
Κύριος συγγραφέας: Borceux, Francis 1948-
Μορφή: Βιβλίο
Γλώσσα:English
Δημοσίευση: Cambridge [England] ; New York : Cambridge University Press, 1994
Σειρά:Encyclopedia of mathematics and its applications ; ; 50-51
Θέματα:
Ετικέτες: Προσθήκη ετικέτας
Δεν υπάρχουν, Καταχωρήστε ετικέτα πρώτοι!

MARC

LEADER 00000nam a2200000 i 4500
001 1/37385
008 970421s1994 eng d
020 |a 0-521-44178-1 
020 |a 0-521-44179-X 
035 |1 ΕΛΗ  |a 1997  |b 1604  |c ΔΗΜΑΚΗΣ  |l 10040495 
040 |a GR-MY-UA  |b gre  |e aacr 
041 0 |a eng 
082 0 |a 512.55 
100 1 |a Borceux, Francis  |d 1948- 
245 1 0 |a Handbook of Categorical Algebra /  |c Francis Borceaux 
260 |a Cambridge [England] ; New York :   |b Cambridge University Press,   |c 1994 
300 |a 2 v.;  |b ill.;  |c 25 cm. 
490 1 |a Encyclopedia of mathematics and its applications  |v ; 50-51 
500 |a v.1. Basic Category Theory .- v.2. Categories and Structures 
500 |a Includes bibliographical references and indexes 
650 0 0 |a Categories (Mathematics) 
740 0 2 |a Basic Category Theory 
740 0 2 |a Categories and structures 
830 0 |a Encyclopedia of mathematics and its applications ;  |v ; 50-51 
852 |a INST  |b SAMOS  |e 19970915  |h 512.55 BOR  |p 005300008875  |q 005300008875  |t BK  |y 0  |z v.2 
852 |a INST  |b SAMOS  |e 19970421  |h 512.55 BOR  |p 005300008876  |q 005300008876  |t BK  |y 0  |z v.1 
852 |a INST  |b SAMOS  |e 19970915  |h 512.55 BOR  |p 005300008875  |q 005300008875  |t BK  |v v.2:  |y 0  |z v.2 
852 |a INST  |b SAMOS  |e 19970421  |h 512.55 BOR  |p 005300008876  |q 005300008876  |t BK  |v v.1:  |y 0  |z v.1 
853 |a INST  |b SAMOS  |h 512.55 BOR 
901 |a BIBL-1997-2 
909 |a Σ  |b 050846 
909 |a Σ  |b 050847